[Event "Titled Tuesday intern op 06th Aug Early"]
[Site "Chess.com INT"]
[Date "2024.08.06"]
[Round "4"]
[White "Denis, Laurent"]
[Black "Shymanskyi, Oleksandr"]
[Result "0-1"]
[WhiteElo "2238"]
[BlackElo "2284"]
[PlyCount "150"]
[EventDate "2024.08.06"]
[EventType "swiss (blitz)"]
[EventRounds "11"]
[EventCountry "USA"]
[SourceTitle "EXT 2025"]
[Source "ChessBase"]
[SourceDate "2024.10.14"]
[SourceVersion "1"]
[SourceVersionDate "2024.10.14"]
[SourceQuality "1"]

1. d4 Nf6 2. Nf3 e6 3. g3 d5 4. Bg2 c5 5. 0-0 Nc6 6. c4 cxd4 7. Nxd4 Bc5 8. Nb3 Be7 9. cxd5 exd5 10. Nc3 Be6 11. Nd4 0-0 12. Bg5 Qb6 13. Nxe6 fxe6 14. Na4 Qb4 15. a3 Qd6 16. Rc1 b6 17. Qd3 Rac8 18. Nc3 h6 19. Bxf6 Bxf6 20. e4 Bxc3 21. Rxc3 d4 22. Rd1 e5 23. Bh3 Rcd8 24. Qc4+ Kh8 25. Qxc6 Qe7 26. Rcc1 Qg5 27. Qe6 Rde8 28. Qg4 Qf6 29. Rd2 Rd8 30. Rc7 d3 31. Qe6 Qg5 32. Rd1 d2 33. Rd7 Rxd7 34. Qxd7 Rd8 35. Qg4 Qf6 36. Qe2 Qc6 37. Bf5 Qc2 38. Kg2 Qxb2 39. Qh5 Qd4 40. Qg6 Kg8 41. Be6+ Kh8 42. Bf5 Kg8 43. Qe6+ Kh8 44. h4 b5 45. g4 a5 46. h5 b4 47. g5 Qd6 48. Qxd6 Rxd6 49. axb4 axb4 50. gxh6 gxh6 51. Kf3 b3 52. Bg4 b2 53. Ke3 Kg7 54. Rb1 Kf6 55. Bd1 Kg5 56. Rxb2 Rd4 57. Rxd2 Rb4 58. Rd5 Kf6 59. Rd6+ Kg5 60. Rd5 Kf6 61. Be2 Kg7 62. Bd3 Kf6 63. f4 exf4+ 64. Kxf4 Rb2 65. Rd6+ Ke7 66. Rxh6 Rf2+ 67. Ke5 Rf8 68. Rh7+ Kd8 69. Bb5 Re8+ 70. Kd5 Rg8 71. Rd7+ Kc8 72. Rh7 Rg1 73. e5 Rd1+ 74. Ke6 Rb1 75. Bd7+ Kd8 0-1

[Event "Titled Tuesday intern op 20th Feb Early"]
[Site "Chess.com INT"]
[Date "2024.02.20"]
[Round "4"]
[White "Denis, Laurent"]
[Black "Aditya, Varun Gampa"]
[Result "1-0"]
[WhiteElo "2233"]
[BlackElo "2325"]
[PlyCount "79"]
[EventDate "2024.02.20"]
[EventType "swiss (blitz)"]
[EventRounds "11"]
[EventCountry "USA"]
[SourceTitle "EXT 2025"]
[Source "ChessBase"]
[SourceDate "2024.10.14"]
[SourceVersion "1"]
[SourceVersionDate "2024.10.14"]
[SourceQuality "1"]

1. d4 d5 2. Nf3 Nf6 3. g3 Bf5 4. Bg2 c6 5. 0-0 e6 6. c4 Bd6 7. Qb3 Qc7 8. c5 Be7 9. Bf4 Qc8 10. Nc3 Nbd7 11. Nh4 Bg6 12. Nxg6 hxg6 13. e4 b6 14. e5 Nh5 15. cxb6 Nxb6 16. Be3 Rb8 17. Qc2 Nc4 18. b3 Na3 19. Qd3 g5 20. Rac1 g6 21. f4 gxf4 22. Bxf4 Nxf4 23. gxf4 Kf8 24. f5 gxf5 25. Nxd5 exd5 26. Bxd5 Qd7 27. Bxc6 Qe6 28. Rxf5 Rg8+ 29. Kh1 Qg6 30. Qf3 Rb6 31. Bd5 Rg7 32. Rc8+ Bd8 33. Rxd8+ Ke7 34. Rxf7+ Rxf7 35. Qxf7+ Kxd8 36. Qf8+ Kc7 37. Qc5+ Kb8 38. Qf8+ Kc7 39. Qe7+ Kb8 40. Qd8# 1-0

[Event "Titled Tuesday intern op 20th Feb Early"]
[Site "Chess.com INT"]
[Date "2024.02.20"]
[Round "10"]
[White "Denis, Laurent"]
[Black "Batista Rosas, Nicolas Arturo"]
[Result "0-1"]
[WhiteElo "2233"]
[BlackElo "2131"]
[PlyCount "72"]
[EventDate "2024.02.20"]
[EventType "swiss (blitz)"]
[EventRounds "11"]
[EventCountry "USA"]
[SourceTitle "EXT 2025"]
[Source "ChessBase"]
[SourceDate "2024.10.14"]
[SourceVersion "1"]
[SourceVersionDate "2024.10.14"]
[SourceQuality "1"]

1. d4 d5 2. Nf3 Nf6 3. g3 e6 4. Bg2 Be7 5. 0-0 0-0 6. c4 c6 7. Qb3 b6 8. Nc3 Bb7 9. Ne5 Nbd7 10. Rd1 Rc8 11. e4 dxe4 12. Nxe4 Nxe4 13. Bxe4 Nxe5 14. dxe5 Qc7 15. Qe3 Kh8 16. Qf4 c5 17. Bxb7 Qxb7 18. Be3 Kg8 19. h4 Rfd8 20. h5 Bf8 21. Qg4 Qc7 22. Bf4 Rxd1+ 23. Rxd1 Rd8 24. Rxd8 Qxd8 25. Bg5 Qd3 26. Bf6 Qc2 27. Qg5 h6 28. Qg4 Qxb2 29. a4 Qa1+ 30. Kg2 Qxa4 31. Bd8 Qd7 32. Bh4 a5 33. Qe4 a4 34. g4 Qd2 35. g5 hxg5 36. Bg3 a3 0-1

[Event "Titled Tuesday intern op 20th Feb Early"]
[Site "Chess.com INT"]
[Date "2024.02.20"]
[Round "2"]
[White "Ocelak, Jakub"]
[Black "Denis, Laurent"]
[Result "1-0"]
[WhiteElo "2183"]
[BlackElo "2233"]
[PlyCount "133"]
[EventDate "2024.02.20"]
[EventType "swiss (blitz)"]
[EventRounds "11"]
[EventCountry "USA"]
[SourceTitle "EXT 2025"]
[Source "ChessBase"]
[SourceDate "2024.10.14"]
[SourceVersion "1"]
[SourceVersionDate "2024.10.14"]
[SourceQuality "1"]

1. g3 d5 2. Bg2 Nf6 3. Nf3 e6 4. 0-0 Be7 5. c4 0-0 6. d4 b6 7. cxd5 exd5 8. Nc3 Bb7 9. Ne5 c5 10. Bf4 Na6 11. Rc1 Rc8 12. Nb5 Qe8 13. a4 Nc7 14. Nxc7 Rxc7 15. Nc4 Rd7 16. Ne5 Rd8 17. dxc5 Bxc5 18. Nd3 Bd6 19. e3 Ne4 20. Bxd6 Rxd6 21. Rc7 Rd7 22. Qc2 Qd8 23. Rc1 Ba6 24. Nf4 Nc5 25. Rxd7 Qxd7 26. Nxd5 Nd3 27. Rd1 Rc8 28. Qxc8+ Bxc8 29. Rxd3 Qxa4 30. Ne7+ Kf8 31. Nxc8 Qa1+ 32. Bf1 g6 33. Rd2 Qc1 34. Rd8+ Kg7 35. Nxa7 Qxb2 36. Nb5 Qf6 37. Rd6 Qe5 38. Rxb6 h5 39. Rc6 h4 40. Rc4 g5 41. gxh4 Qxb5 42. Rg4 Qd7 43. Rxg5+ Kh6 44. Be2 f6 45. Rg3 Qd2 46. Bf3 Qe1+ 47. Kg2 Qb4 48. h5 Qh4 49. Rg6+ Kh7 50. h3 Qb4 51. Rxf6 Qe7 52. Rf4 Qg7+ 53. Rg4 Qe7 54. Be4+ Kh8 55. Bg6 Qf6 56. Rf4 Qc6+ 57. Kg3 Kg7 58. Rf7+ Kg8 59. Rf4 Qd6 60. e4 Qe5 61. f3 Kg7 62. Kg4 Kh6 63. Rf5 Qe6 64. h4 Kg7 65. Kg5 Kg8 66. Bf7+ Kg7 67. Bxe6 1-0

[Event "Bergamo op 15th"]
[Site "Bergamo"]
[Date "2016.07.17"]
[Round "6"]
[White "Dvirnyy, Danyyil"]
[Black "Denis, Laurent"]
[Result "1-0"]
[WhiteElo "2547"]
[BlackElo "2268"]
[PlyCount "43"]
[EventDate "2016.07.15"]
[EventType "swiss"]
[EventRounds "9"]
[EventCountry "ITA"]
[SourceTitle "EXT 2017"]
[Source "ChessBase"]
[SourceDate "2016.10.25"]
[SourceVersion "1"]
[SourceVersionDate "2016.10.25"]
[SourceQuality "1"]

1. d4 f5 2. c4 Nf6 3. Nc3 g6 4. h4 d6 5. h5 Rg8 6. hxg6 hxg6 7. Bg5 Nbd7 8. Qc2 c6 9. 0-0-0 e5 10. e4 f4 11. c5 exd4 12. Bc4 Rg7 13. Rxd4 Qa5 14. e5 dxe5 15. Rxd7 Nxd7 16. Rh7 Re7 17. Qxg6+ Kd8 18. Rxe7 Bxe7 19. Qg8+ Kc7 20. Bxe7 b6 21. Qd8+ Kb7 22. Bd6 1-0

[Event "Rohde op 07th"]
[Site "Sautron"]
[Date "2007.11.03"]
[Round "9"]
[White "Murie, Eric"]
[Black "Denis, Laurent"]
[Result "0-1"]
[WhiteElo "2072"]
[BlackElo "2220"]
[PlyCount "44"]
[EventDate "2007.10.27"]
[EventType "swiss"]
[EventRounds "9"]
[EventCountry "FRA"]
[SourceTitle "EXT 2008"]
[Source "ChessBase"]
[SourceDate "2007.11.25"]
[SourceVersion "1"]
[SourceVersionDate "2007.11.25"]
[SourceQuality "1"]

1. e4 c5 2. Nf3 e6 3. Nc3 a6 4. g3 Nc6 5. Bg2 Nf6 6. 0-0 Be7 7. d3 d5 8. exd5 exd5 9. d4 Bg4 10. dxc5 Qd7 11. Qd2 0-0 12. Na4 Rad8 13. Qf4 Nh5 14. Qe3 d4 15. Qa3 Qf5 16. Qd3 Qd7 17. Qa3 Bh3 18. Bd2 Bxg2 19. Kxg2 b5 20. Nb6 Qb7 21. Kg1 b4 22. Qd3 Bxc5 0-1

[Event "Rohde op 07th"]
[Site "Sautron"]
[Date "2007.10.30"]
[Round "5"]
[White "Delinotte, Axelle"]
[Black "Denis, Laurent"]
[Result "0-1"]
[WhiteElo "1839"]
[BlackElo "2220"]
[PlyCount "66"]
[EventDate "2007.10.27"]
[EventType "swiss"]
[EventRounds "9"]
[EventCountry "FRA"]
[SourceTitle "EXT 2008"]
[Source "ChessBase"]
[SourceDate "2007.11.25"]
[SourceVersion "1"]
[SourceVersionDate "2007.11.25"]
[SourceQuality "1"]

1. e4 c5 2. Nf3 e6 3. d4 cxd4 4. Nxd4 a6 5. Bd3 Bc5 6. Nb3 Ba7 7. Qe2 Nc6 8. Be3 Bxe3 9. Qxe3 Nge7 10. 0-0 d5 11. f4 0-0 12. N1d2 b6 13. Rae1 Nb4 14. Nf3 Nxd3 15. Qxd3 a5 16. Qe3 a4 17. Nbd4 a3 18. b3 dxe4 19. Qxe4 Qd5 20. Qd3 h6 21. Re5 Qd6 22. Rh5 Ba6 23. c4 Nf5 24. Qe4 Nxd4 25. Nxd4 Rfd8 26. Nf3 Qd3 27. Qe1 Bb7 28. Rh3 Rd6 29. Ne5 Qc2 30. Rf2 Qd1 31. Re3 Rad8 32. Kf1 Qh5 33. Rh3 Qf5 0-1

[Event "Rohde op 07th"]
[Site "Sautron"]
[Date "2007.10.28"]
[Round "2"]
[White "Denis, Laurent"]
[Black "Bogner, Sebastian"]
[Result "0-1"]
[WhiteElo "2220"]
[BlackElo "2383"]
[PlyCount "96"]
[EventDate "2007.10.27"]
[EventType "swiss"]
[EventRounds "9"]
[EventCountry "FRA"]
[SourceTitle "EXT 2008"]
[Source "ChessBase"]
[SourceDate "2007.11.25"]
[SourceVersion "1"]
[SourceVersionDate "2007.11.25"]
[SourceQuality "1"]

1. Nf3 Nf6 2. c4 g6 3. Nc3 Bg7 4. e4 d6 5. d4 0-0 6. Be2 e5 7. 0-0 Nc6 8. d5 Ne7 9. Ne1 Nd7 10. Nd3 f5 11. Bd2 Nf6 12. f3 f4 13. g4 g5 14. Be1 h5 15. h3 Ng6 16. Kg2 Rf7 17. b4 Bf8 18. Bf2 Be7 19. a4 Qf8 20. a5 Bd8 21. c5 a6 22. Rc1 Bd7 23. Nb2 Rg7 24. Qb3 Kh8 25. Nc4 Rf7 26. Nd2 Rh7 27. Rh1 Be7 28. Na4 Qe8 29. Nb2 Nh4+ 30. Bxh4 gxh4 31. Qc3 Qg6 32. c6 bxc6 33. dxc6 hxg4 34. hxg4 Be6 35. Kh2 h3 36. Rhg1 Qg5 37. Nd3 Rg8 38. b5 axb5 39. a6 Ra8 40. Qa5 d5 41. Qxb5 Bd6 42. Qb7 Qg8 43. a7 Rg7 44. Nf2 Qf8 45. Rc2 Rg8 46. Rgc1 Qh6 47. Rb2 Qh7 48. exd5 Bxd5 0-1

[Event "FRA-chT3 Gr06 0607"]
[Site "France"]
[Date "2006.12.10"]
[Round "4.1"]
[White "Denis, Laurent"]
[Black "Caroff, Frederic"]
[Result "1-0"]
[WhiteElo "2212"]
[BlackElo "2057"]
[PlyCount "89"]
[EventDate "2006.10.15"]
[EventType "team-tourn"]
[EventRounds "9"]
[EventCountry "FRA"]
[SourceTitle "EXT 2008"]
[Source "ChessBase"]
[SourceDate "2007.11.25"]
[SourceVersion "1"]
[SourceVersionDate "2007.11.25"]
[SourceQuality "1"]
[WhiteTeam "Vitre"]
[BlackTeam "Lesneven"]
[WhiteTeamCountry "FRA"]
[BlackTeamCountry "FRA"]

1. d4 Nf6 2. c4 g6 3. Nc3 Bg7 4. e4 d6 5. Be2 0-0 6. Nf3 e5 7. 0-0 Nc6 8. d5 Ne7 9. Ne1 Nd7 10. Nd3 f5 11. Bd2 Nf6 12. f3 f4 13. g4 h5 14. h3 Kf7 15. Kg2 Rh8 16. Rh1 hxg4 17. hxg4 Rxh1 18. Qxh1 Bd7 19. c5 Qh8 20. a4 Qxh1+ 21. Rxh1 a6 22. b4 g5 23. b5 axb5 24. axb5 Ne8 25. Rb1 b6 26. c6 Bc8 27. Rb4 Ng6 28. Ra4 Rxa4 29. Nxa4 Bf6 30. Be1 Bd8 31. Bf2 Nh4+ 32. Kh3 Nf6 33. Nc3 Nh5 34. Nb2 Ng3 35. Bd1 Nf1 36. Nc4 Ng6 37. Bxb6 Ne3 38. Nxd6+ cxd6 39. Bxd8 Nxd1 40. Nxd1 Nh4 41. b6 Nxf3 42. b7 Ng1+ 43. Kg2 Bxg4 44. Kxg1 Bxd1 45. Bxg5 1-0

[Event "Rohde op 04th"]
[Site "Sautron "]
[Date "2004.10.24"]
[Round "2"]
[White "Denis, Laurent"]
[Black "Guliyev, Namig"]
[Result "0-1"]
[WhiteElo "2243"]
[BlackElo "2509"]
[PlyCount "56"]
[EventDate "2004.10.23"]
[EventType "swiss"]
[EventRounds "9"]
[EventCountry "FRA"]
[SourceTitle "EXT 2006"]
[Source "ChessBase"]
[SourceDate "2005.11.24"]
[SourceVersion "1"]
[SourceVersionDate "2005.11.24"]
[SourceQuality "1"]

1. d4 d5 2. c4 dxc4 3. e4 e5 4. Nf3 exd4 5. Bxc4 Nc6 6. 0-0 Be6 7. Bb5 Bc5 8. Nbd2 Nge7 9. Nb3 Bxb3 10. Qxb3 Bb6 11. Bg5 0-0 12. Bxc6 bxc6 13. Ne5 Qd6 14. f4 Ng6 15. Nc4 Qc5 16. Rac1 Rae8 17. f5 Ne5 18. f6 Re6 19. Rf5 d3+ 20. Kh1 g6 21. Nxe5 Qb5 22. Nxg6 Qxb3 23. Ne7+ Rxe7 24. axb3 Rxe4 25. Bh6 Be3 26. Bxe3 Rxe3 27. Rg5+ Kh8 28. h3 d2 0-1

[Event "FRA-chT4 0203"]
[Site "Bretagne"]
[Date "2002.12.08"]
[Round "3.1"]
[White "Denis, Laurent"]
[Black "Gantner, Ludovic"]
[Result "1-0"]
[WhiteElo "2271"]
[BlackElo "2081"]
[PlyCount "39"]
[EventDate "2002.10.??"]
[EventType "team-tourn"]
[EventRounds "7"]
[EventCountry "FRA"]
[SourceTitle "EXT 2007"]
[Source "ChessBase"]
[SourceDate "2006.11.23"]
[SourceVersion "1"]
[SourceVersionDate "2006.11.23"]
[SourceQuality "1"]

1. d4 d5 2. Nf3 Nf6 3. e3 Bf5 4. c4 e6 5. Qb3 Qc8 6. Nh4 Bxb1 7. Rxb1 a5 8. Nf3 c6 9. Bd3 Nbd7 10. 0-0 Bd6 11. Nd2 Qb8 12. g3 0-0 13. e4 dxc4 14. Nxc4 Bc7 15. e5 Nd5 16. Ne3 Kh8 17. Qd1 f5 18. exf6 gxf6 19. Bxh7 Nxe3 20. Qh5 1-0

[Event "Maromme op"]
[Site "Maromme"]
[Date "1994.??.??"]
[Round "?"]
[White "Denis, Laurent"]
[Black "Berend, Fred"]
[Result "0-1"]
[WhiteElo "2235"]
[BlackElo "2405"]
[PlyCount "56"]
[EventDate "1994.??.??"]
[EventType "swiss"]
[EventRounds "7"]
[EventCountry "FRA"]
[SourceTitle "EXT 1998"]
[Source "ChessBase"]
[SourceDate "1997.11.17"]
[SourceVersion "1"]
[SourceVersionDate "1997.11.17"]
[SourceQuality "1"]

1. e4 d5 2. exd5 Nf6 3. d4 Nxd5 4. c4 Nb6 5. Bf4 Nc6 6. Nc3 Qxd4 7. Nb5 Qxf4 8. Ne2 Qe5 9. f4 a6 10. fxe5 axb5 11. cxb5 Nxe5 12. Qd4 Ng4 13. Rd1 Bd7 14. Nc3 e5 15. Qe4 Bc5 16. h3 f5 17. Qxb7 Nf6 18. Nd5 Nfxd5 19. Rxd5 Bb4+ 20. Kd1 0-0 21. Rxe5 Bd6 22. Re3 Rxa2 23. Kc2 Ra1 24. g3 f4 25. gxf4 Bxf4 26. Ra3 Rc1+ 27. Kd3 Bxb5+ 28. Kd4 Bc6 0-1

[Event "Paris-ch op"]
[Site "Paris"]
[Date "1992.??.??"]
[Round "2"]
[White "De Sousa, Jose Claude"]
[Black "Denis, Laurent"]
[Result "1-0"]
[WhiteElo "2395"]
[BlackElo "2235"]
[PlyCount "127"]
[EventDate "1992.04.??"]
[EventType "swiss"]
[EventRounds "9"]
[EventCountry "FRA"]
[SourceTitle "EXT 1997"]
[Source "ChessBase"]
[SourceDate "1996.11.15"]
[SourceVersion "1"]
[SourceVersionDate "1996.11.15"]
[SourceQuality "1"]

1. e4 d6 2. d4 Nf6 3. Nc3 g6 4. f4 Bg7 5. Nf3 c5 6. dxc5 Qa5 7. Bd3 Qxc5 8. Qe2 0-0 9. Be3 Qa5 10. 0-0 Bg4 11. Qf2 Bxf3 12. Qxf3 Nc6 13. Ne2 Nb4 14. Bd4 Nxd3 15. cxd3 e5 16. Bc3 Qc5+ 17. Kh1 Nd7 18. f5 b5 19. Qh3 g5 20. f6 Nxf6 21. Ng3 Qe3 22. Rf3 g4 23. Rxe3 gxh3 24. Nf5 hxg2+ 25. Kxg2 Ne8 26. Kh1 f6 27. Rg3 Rd8 28. Rag1 Rd7 29. Bd2 Kh8 30. h4 h5 31. Rg6 Rff7 32. Ne3 Bf8 33. Nd5 Rg7 34. Nxf6 Rxg6 35. Rxg6 Nxf6 36. Rxf6 Bg7 37. Rf5 d5 38. Rxh5+ Kg8 39. Bc3 dxe4 40. dxe4 Rd1+ 41. Kg2 b4 42. Bxe5 Rd2+ 43. Kf3 Bxe5 44. Rxe5 Rxb2 45. Ra5 b3 46. axb3 Rxb3+ 47. Kf4 Rh3 48. h5 Rh4+ 49. Kf3 Kf8 50. Re5 Kf7 51. Kg3 Rh1 52. Ra5 a6 53. Kg4 Rg1+ 54. Kf4 Rf1+ 55. Ke5 Rf6 56. Rc5 Rh6 57. Kf4 Rb6 58. Rc7+ Ke6 59. h6 Kf6 60. Rg7 Re6 61. Rg8 Re7 62. e5+ Ke6 63. Rg6+ Kf7 64. Rg7+ 1-0

[Event "Paris-ch op"]
[Site "Paris"]
[Date "1992.??.??"]
[Round "7"]
[White "Denis, Laurent"]
[Black "Arki, Mikael"]
[Result "1-0"]
[WhiteElo "2235"]
[BlackElo "2225"]
[PlyCount "83"]
[EventDate "1992.04.??"]
[EventType "swiss"]
[EventRounds "9"]
[EventCountry "FRA"]
[SourceTitle "EXT 1997"]
[Source "ChessBase"]
[SourceDate "1996.11.15"]
[SourceVersion "1"]
[SourceVersionDate "1996.11.15"]
[SourceQuality "1"]

1. d4 Nf6 2. c4 g6 3. Nc3 Bg7 4. e4 0-0 5. Nf3 d6 6. Be2 e5 7. 0-0 Nc6 8. d5 Ne7 9. Ne1 Nd7 10. Nd3 f5 11. Be3 Nf6 12. f3 c6 13. Rc1 b5 14. dxc6 bxc4 15. Nf2 Be6 16. Qa4 Kh8 17. Bxc4 Bxc4 18. Qxc4 Rc8 19. Qa4 Nxc6 20. Nb5 Qd7 21. Rfd1 Nb8 22. Qa5 Nc6 23. Qa3 Nd4 24. Nxd4 exd4 25. exf5 gxf5 26. Bf4 Rxc1 27. Rxc1 Rd8 28. Qa5 Re8 29. Qa6 Re6 30. Nd3 Ne8 31. Qc8 Qe7 32. Kf1 Be5 33. Bg5 Qf7 34. Re1 Rg6 35. f4 Rg8 36. fxe5 Rxg5 37. exd6 Rg8 38. d7 Qd5 39. Nf4 Qb5+ 40. Kg1 Nd6 41. Qxg8+ Kxg8 42. d8Q+ 1-0